=LDR 00000nam 2200000 4500 =001 INLIS000000000003878 =005 20130612092200 =008 ***********************************Ind** =035 ##$$0010-061300000003878 =041 ##$$a Ind =082 ##$$a 526.63 =090 ##$$a 526.63, Kar p =100 ##$$a Kartawiharja, Basuki S =245 ##$$a Penentuan asimut dengan pengamatan matahari, Ir.Basuki S.Kartawiharja =260 ##$$a 1988 $b Yogyakarta =300 ##$$a 96 hlm., ilus., 26 cm =650 ##$$a Peta =650 ##$$a Perencanaan asimut =850 ##$$a NBPNMAT